banner-ar

AGENDA 21 : (Record no. 4609)

MARC details
000 -الفاتح
حقل البيانات ثابتة الطول 00599nam a2200205Ia 4500
008 - عناصر البيانات ثابتة الطول - معلومات عامة
حقل البيانات ثابتة الطول 140319s9999 xx 000 0 eng d
020 ## - الرقم الدولى المعيارى للكتب
الرقم الدولى المعيارى للكتاب 0935755144
040 ## - مصدر الفهرسة
وكالة الفهرسة الأصلية GCL /
وكالة النسخ GCL
082 04 - رقم تصنيف ديوى العشرى
رقم التصنيف 363.7
رقم المادة S A
100 1# - المدخل الرئيسى - إسم شخصى
الإسم الشخصى SIMON, SENATOR PAUL
245 10 - بيان العنوان
العنوان AGENDA 21 :
بقية العنوان THE EARTH SUMMIT STRATEGY TO SAVE OUR PLANT /
بيان المسئوليه,etc SIMON, SENATOR PAUL
700 1# - المدخل الاضافى - اسم شخصى
الإسم الشخصى SITARZ, DANIEL
260 ## - PUBLICATION, DISTRIBUTION, ETC. (IMPRINT)
تاريخ النشر أو التوزيع 1993
300 ## - الوصف المادى
التعداد 23 CM ؛
أبعاد الوعاء X, 321 P
650 04 - المدخل الاضافى بالموضوع-مصطلح موضوعى
مصطلح موضوعي ENVIRONMENTAL POLICY
650 04 - المدخل الاضافى بالموضوع-مصطلح موضوعى
مصطلح موضوعي ECONOMIC CONDITIONS
650 04 - المدخل الاضافى بالموضوع-مصطلح موضوعى
مصطلح موضوعي SUSTIONABLE DEVELOPMENT
942 ## - عناصر المدخل الإضافي( كوها)
مصدر التصنيف او مخطط الترفيف Dewey Decimal Classification
Koha [default] item type كتاب
260 ## - PUBLICATION, DISTRIBUTION, ETC. (IMPRINT)
-- نيويورك :
-- EARTH PRESS ،
Holdings
حالة التراجع حالة الفقد حالة تلف ليس للاعارة المكان المؤقت الموقع الحالى تاريخ الاكتساب اجمالي اﻻعارات رقم الطلب الباركود تاريخ اخر مشاهدة تاريخ تفعيل السعر نوع وعاء كوها
        مكتبة القاهرة الكبرى مكتبة القاهرة الكبرى 03/26/2014   363.7\S A 10429 03/26/2014 03/26/2014 كتاب

Powered By

EGPV